Alle Inselstaaten nach Umriss - Statistiken

Allgemein
  • Dieses Quiz wurde 1.142 mal gespielt
  • Das Durchschnittsergebnis liegt bei 21 aus 47
Antwortstatistiken
Bildquiz Antwort % Korrekt
Indonesien
94%
Japan
90%
Vereinigtes Königreich
90%
Island
89%
Madagaskar
87%
Neuseeland
85%
Irland
83%
Kuba
83%
Papua Neuguinea
80%
Philippinen
80%
Sri Lanka
77%
Zypern
75%
Haiti
65%
Taiwan
59%
Dominikanische Republik
54%
Trinidad und Tobago
54%
Jamaika
52%
Bahamas
50%
Osttimor
40%
Malta
39%
Salomonen
39%
Brunei
36%
Fidschi
36%
Singapur
35%
Kap Verde
34%
Malediven
34%
Nauru
32%
Vanuatu
32%
Mikronesien
31%
Kiribati
30%
Barbados
27%
Komoren
27%
Samoa
27%
Bahrain
26%
São Tomé und Príncipe
25%
St. Kitts und Nevis
25%
St. Lucia
25%
Antigua und Barbuda
24%
Dominica
24%
St. Vincent und die Grenadinen
21%
Marshallinseln
20%
Mauritius
20%
Grenada
19%
Palau
18%
Seychellen
17%
Tuvalu
17%
Tonga
15%
Keine übereinstimmenden Quizze gefunden
Verteilung der Resultate
Anzahl Personen mit jedem Resultat
Perzentil nach korrekt beantworteten Fragen
Ihre Resultats-Entwicklung
Sie haben dieses Quiz noch nicht gespielt